Teaser Quiz Stats

 Plays Quiz Updated Sep 11, 2015

Score 0/22 Timer 20:00
0 Plays Today
Hint Answer % Correct
Five by FourCHAN
80.8%
Five by FourHERD
70.6%
Confused CluesMOT
54.8%
Five by FourITTY
46.5%
Five by FourDELI
46.2%
Entertaining LettersWorld War Z
42.6%
Entertaining LettersDragon Ball Z
39.2%
Five by FourERIS
36%
What's coming?Sweet. You know your entertainment.
32.1%
Confused CluesOREL
32%
Confused CluesTHANE
32%
Hint Answer % Correct
Confused CluesFO
31.1%
Entertaining LettersAlfred E. Neuman
30%
Entertaining LettersU Turn
30%
Entertaining LettersAlex P. Keaton
29.8%
Confused CluesCURIES
28.8%
Confused CluesCATION
27%
Confused CluesMANURES
25.9%
Entertaining LettersThe L Word
25.7%
What's coming?You did a great job with those clues!
24.4%
What's coming?A master jumbler be you.
20.5%
What's coming?That's right!
15%

You're not logged in!

Compare scores with friends on all Sporcle quizzes.
OR
Log In

You Might Also Like...

Show Comments

Extras

Top Quizzes Today


Score Distribution

Your Account Isn't Verified!

In order to create a playlist on Sporcle, you need to verify the email address you used during registration. Go to your Sporcle Settings to finish the process.

Report this User

Report this user for behavior that violates our Community Guidelines.

Details: